Science and Technology Diplomacy in Developing Countries / (Record no. 587714)

000 -LEADER
fixed length control field 00518nam a22001457a 4500
020 ## - INTERNATIONAL STANDARD BOOK NUMBER
International Standard Book Number 9789351243113
082 ## - DEWEY DECIMAL CLASSIFICATION NUMBER
Classification number 338.926091724
Author Mark SCI
100 ## - MAIN ENTRY--PERSONAL NAME
Personal name Edited by Zahuranec, Bernard J.
245 ## - TITLE STATEMENT
Title Science and Technology Diplomacy in Developing Countries /
Statement of responsibility, etc. Edited by Bernard J. Zahuranec, Venugopala Ittekkot and Elizabeth Montgomery
260 ## - PUBLICATION, DISTRIBUTION, ETC.
Place of publication, distribution, etc. New Delhi:
Name of publisher, distributor, etc. Daya Publishing House,
Date of publication, distribution, etc. 2014.
300 ## - PHYSICAL DESCRIPTION
Extent 248p. ;
Dimensions 24 cm.
942 ## - ADDED ENTRY ELEMENTS (KOHA)
Source of classification or shelving scheme
Koha item type Book
Holdings
Withdrawn status Lost status Source of classification or shelving scheme Damaged status Not for loan Permanent Location Current Location Shelving location Date acquired Source of acquisition Total Checkouts Full call number Barcode Date last seen Price effective from Koha item type
          Central Library (CL) Central Library (CL) Economics 01/26/2022 Donated by Rector Secretariat   338.926091724 SCI CL-D-1437 01/26/2022 01/26/2022 Book
© 2023 Central Library, National University of Sciences and Technology. All Rights Reserved.